00502 a2200157 4500020001500000050001900015100003300034245010000067264003200167300002100199500001900220504005100239650001500290650001900305700002000324 a040902898300aKTL50.3FRA19821 aFranklin, Blen Lloyd Stuart.14aThe mining and mineral laws of South Africa /cby Blen Lloyd Stuart Franklin and Morris Kaplan. aLondon:bButterworth,c1982 alxxvii, 853 p. ; aincludes index aIncludes bibliographical references and index. 0aMining law 0aMineral rights1 aKaplan, Morris.